Catálogo
 En Linea

Ricardo Grullón : (Registro nro. 22866)

Detalles MARC
000 -CABECERA
campo de control de longitud fija 00671nam a2200181 a 4500
001 - NÚMERO DE CONTROL
campo de control 000023369
005 - FECHA Y HORA DE LA ÚLTIMA TRANSACCIÓN
campo de control 20200930022153.0
008 - DATOS DE LONGITUD FIJA--INFORMACIÓN GENERAL
campo de control de longitud fija 101203s1993 pr c r 000 0 spa d
040 ## - FUENTE DE LA CATALOGACIÓN
Centro catalogador/agencia de origen DO-SdBNP
Lengua de catalogación spa
Centro/agencia transcriptor BNPHU
082 ## - NÚMERO DE LA CLASIFICACIÓN DECIMAL DEWEY
Número de clasificación xxxxx
Número de documento/Ítem G887t
049 ## - FONDOS LOCALES (OCLC)
Fondos de biblioteca BNGR
245 00 - MENCIÓN DE TÍTULO
Título Ricardo Grullón :
Resto del título Testimonio de recordación /
Mención de responsabilidad, etc. edición Raquel Sárraga.
260 ## - PUBLICACIÓN, DISTRIBUCIÓN, ETC.
Lugar de publicación, distribución, etc. San Juan, Puerto Rico :
Nombre del editor, distribuidor, etc. Universidad de Puerto Rico,
Fecha de publicación, distribución, etc. 1993.
300 ## - DESCRIPCIÓN FÍSICA
Extensión 63 p. :
Otras características físicas retrs. ;
Dimensiones 15 cm.
500 ## - NOTA GENERAL
Nota general Incluye notas al pie de las páginas.
500 ## - NOTA GENERAL
Nota general Homenaje póstumo a Ricardo Grullón 10 de abril de 1991 en la sala Zenobia y Juan Ramón Jiménez
700 1# - PUNTO DE ACCESO ADICIONAL--NOMBRE DE PERSONA
Nombre de persona Sárraga, Raquel,
Término indicativo de función/relación ed.
9 (RLIN) 48139
Existencias
Estado de retiro Estado de pérdida Restricciones de uso No para préstamo Código de colección Localización permanente Ubicación/localización actual Ubicación en estantería Fecha de adquisición Número de inventario Total de préstamos Signatura topográfica completa Código de barras Fecha visto por última vez Precio válido a partir de Tipo de ítem Koha
        Monografías: Libros y Folletos General General En catalogación 03.12.2010 LF1   xxxxx G887t 23369-10 25.06.2020 25.06.2020 Préstamo en sala

Con tecnología Koha